000 00321 a2200145 4500
001 61265
020 _a9783126754446
040 _cAnchieta - Pituba
240 1 0 _aVisuell
_ldeu / ger
245 1 0 _aVisuell
300 _a72
362 0 _a2011
650 4 _aLínguas germânicas (teutônicas) língua alemã
942 _cBK
999 _c61265
_d61265